| 000 | 01698cam a22004217a 4500 | ||
|---|---|---|---|
| 003 | CHAP | ||
| 005 | 20220817043442.0 | ||
| 008 | 980604d1997 mx r 00110 spa d | ||
| 010 | _a75699 | ||
| 011 | _a76671 | ||
| 020 | _a9688844292 | ||
| 035 | _a86257 | ||
| 040 | _cCHAP | ||
| 082 | 0 | 4 |
_a808.831 _bL43 |
| 100 | 0 | 0 | _aLeal Menchaca, Miguel Angel. |
| 245 | 1 | 0 |
_aPalabras comunes : _bcuentos latinoamericanos del siglo XX _c/ por Miguel Angel Leal Menchaca [y otros] |
| 260 |
_aChapingo, Méx. : _bUACH., _c1997. |
||
| 300 | _a377 p. | ||
| 410 | 0 | 0 | _aUACH |
| 490 | 0 | _aLiteratura | |
| 590 |
_aBATCH-UPD _b10 _c20130110 _lUCH01 _h1343 |
||
| 590 |
_aCONVERSION _b10 _c20130109 _lUCH01 _h1341 |
||
| 650 | 1 | 4 |
_aCuentos. _930096 |
| 810 | 0 | 0 | _aUACH |
| 830 | 0 |
_aLiteratura _967114 |
|
| 901 | _aBK | ||
| 905 | _aLilia Sánchez G. | ||
| 942 | _cLIBRO | ||
| 949 |
_a808.831 L43 _bBC _cLIBRO _d33724000693693 _eLIBRO _h93430 _i86257 _kDonaciØn _si |
||
| 949 |
_a808.831 L43 _bBC _cLIBRO _d33724000693701 _eLIBRO _fc. 2 _h93431 _i86257 _kDonaciØn _si |
||
| 949 |
_a808.831 L43 _bBC _cLIBRO _d33724000693727 _eLIBRO _fc. 4 _h93433 _i86257 _kDonaciØn _si |
||
| 949 |
_a808.831 L43 _bBC _cLIBRO _d33724000872354 _eLIBRO _fc. 3 _h93432 _i86257 _si |
||
| 949 |
_a808.831 L43 _bBC _cLIBRO _d33724000908158 _eLIBRO _fc. 9 _gDonaciØn _h104117 _i86257 _si |
||
| 949 |
_a808.831 L43 _bBC _cLIBRO _d33724000908216 _eLIBRO _fc. 8 _gDonaciØn _h104116 _i86257 _si |
||
| 949 |
_a808.831 L43 _bBC _cLIBRO _d33724000908273 _eLIBRO _fc. 7 _gDonaciØn _h104115 _i86257 _si |
||
| 949 |
_a808.831 L43 _bBC _cLIBRO _d33724000908331 _eLIBRO _fc. 6 _gDonaciØn _h104114 _i86257 _si |
||
| 949 |
_a808.831 L43 _bBC _cUACH _d33724000693735 _eUACH _fc. 5 _h93434 _i86257 _kDonaciØn _sb |
||
| 999 |
_c75699 _d75699 |
||